000 00619nam a2200241Ia 4500
003 OSt
005 20220928111205.0
006 a|||||r|||| 00| 0
007 ta
008 220927b |||||||| |||| 00| 0 eng d
024 _a34812
037 _cTextual
040 _aSDCL
_cSDCL
_beng
041 _2eng
_aeng
082 _aO152:g, L1
100 _aSingh Pushpa Pal
_9422307
245 0 _aKavya-Mithak.
260 _aGaziabad
_bAmit Prakashan
_c1971
300 _a64p.
_ccm.
490 _aAmit mulyankan mala.3
942 _hO152:g, L1
_cTEXL
_2CC
999 _c738727
_d738727